00868nam a2200193 a 450000100100000000500170001000800410002704000250006808200190009311001030011224500690021526000580028430000200034249000300036283000370039295201110042995201170054099900170065700004245520201002040153.0131203s200? dr 000 0 spa d aDO-SdBNPbspacBNPHU axxxxxxcxxxxxx2 aRepública DominicanabComisión Presidencial para la Reforma y Modernización del Estado9708910aManual del ayuntamiento :borganización del Distrito Nacional. aSanto Domingo, :bLiga Municipal Dominicana,c[200?]. a80 p. ;c20 cm. 1aCuadernos municipalesv10 0aCuadernos municipalesn10969618 0010718PDaPDbPDcHDd2013-12-03iLF1l0oxxxxxx p42455-10r2020-06-25w2020-06-25yLFPDZNo se presta 0011718PDaPDbPDcMId2014-05-13iLF1l0oxxxxxx p42455-20r2020-06-25te. 2w2020-06-25yLFPDZNo se presta c41944d41944